Statystyki dla Trasa Warszawskiej linii autobusowej 500

Kliknij tutaj aby rozwiązać quiz!

Ogólne statystyki

  • Ten quiz został rozwiązany 16 razy
  • Średni wynik to 14 z 17

Statystyki odpowiedzi

DzielnicaPrzystanek% Poprawnych
TargówekBródno-Podgrodzie
100%
TargówekBródno-Podgrodzie
100%
ŚródmieścieDworzec Gdański
100%
ŚródmieścieBaseny Inflancka
90%
TargówekMetro Kondratowicza
90%
TargówekMetro Kondratowicza
90%
Śródmieście / WolaRondo "Radosława"
90%
Śródmieście / WolaRondo "Radosława"
90%
TargówekRondo Żaba
90%
TargówekCmentarz Bródnowski
80%
TargówekSzpital Bródnowski
80%
TargówekKołowa
70%
TargówekŁojewska
70%
TargówekNiwa
70%
Praga-PółnocRondo Starzyńskiego
70%
TargówekŻuromińska
70%
TargówekRogowska
60%

Rozkład punktacji

Percentyl według liczby udzielonych odpowiedzi

Procent ludzi z każdym wynikiem

Twoja historia wyników

Nie rozwiązałeś tego quizu